[Event "Eastern Class-ch"]
[Site "Sturbridge"]
[Date "2009.03.08"]
[Round "5"]
[White "Curdo, John"]
[Black "Chudnovsky, Jacob"]
[Result "1/2-1/2"]
[WhiteElo "2249"]
[BlackElo "2341"]
[PlyCount "62"]
[EventDate "2009.03.06"]
[EventType "swiss"]
[EventRounds "5"]
[EventCountry "USA"]
[SourceTitle "CBM 129 Extra"]
[Source "ChessBase"]
[SourceDate "2009.05.05"]
[SourceVersion "2"]
[SourceVersionDate "2009.05.20"]
[SourceQuality "1"]

1. e4 e5 2. Nf3 Nc6 3. Nc3 Nf6 4. Bb5 Bb4 5. 0-0 0-0 6. d3 d6 7. Bxc6 bxc6 8. Ne2 Re8 9. Ng3 d5 10. Qe2 Bd6 11. c4 a5 12. Bd2 Bb4 13. b3 Bg4 14. Bxb4 axb4 15. h3 Bh5 16. Nxh5 Nxh5 17. g3 g6 18. cxd5 cxd5 19. Rfc1 Ra5 20. Rc2 Ng7 21. Qd2 dxe4 22. dxe4 Qxd2 23. Rxd2 Ne6 24. Rc1 c5 25. Nxe5 Nd4 26. Nc4 Ra6 27. Kg2 Rxe4 28. Ne3 Ne6 29. Rc4 Rxc4 30. Nxc4 Nd4 31. Ne5 Ra5 1/2-1/2

[Event "New England op 65th"]
[Site "Boxborough"]
[Date "2005.09.03"]
[Round "1"]
[White "Curdo, John"]
[Black "Klegon, Matthew L"]
[Result "1/2-1/2"]
[WhiteElo "2237"]
[BlackElo "2076"]
[PlyCount "81"]
[EventDate "2005.09.03"]
[EventType "swiss"]
[EventRounds "6"]
[EventCountry "USA"]
[SourceTitle "CBM 108 Extra"]
[Source "ChessBase"]
[SourceDate "2005.11.04"]
[SourceVersion "1"]
[SourceVersionDate "2005.11.04"]
[SourceQuality "1"]

1. e4 d6 2. d4 Nf6 3. Nc3 g6 4. f4 Bg7 5. Nf3 c5 6. e5 Nfd7 7. exd6 0-0 8. Bc4 Nb6 9. Be2 exd6 10. 0-0 Re8 11. a4 Nc6 12. dxc5 dxc5 13. Qxd8 Nxd8 14. Bb5 Bd7 15. Bxd7 Nxd7 16. Nb5 Re2 17. Rd1 Nf8 18. Kf1 Rxc2 19. Ne5 Bxe5 20. fxe5 Rc4 21. b3 Rb4 22. Ba3 Rxb3 23. Bxc5 Nc6 24. Bxf8 Kxf8 25. Rd7 Nxe5 26. Rxb7 a6 27. Nd6 Rxb7 28. Nxb7 Rc8 29. Rd1 Ke7 30. Rd5 Nd7 31. Ke2 Rc4 32. Nd6 Ke6 33. Rd2 Rxa4 34. Nxf7 Nf6 35. Nd8+ Kf5 36. Nc6 Ke4 37. Kf2 g5 38. Re2+ Kd5 39. Ne7+ Kd4 40. Nf5+ Kd5 41. Ne7+ 1/2-1/2

[Event "MetroWest CC Spring op"]
[Site "Natick"]
[Date "2004.??.??"]
[Round "2"]
[White "Curdo, John"]
[Black "La Rocca, Mark"]
[Result "1-0"]
[WhiteElo "2255"]
[BlackElo "2135"]
[PlyCount "65"]
[EventDate "2004.??.??"]
[EventType "swiss"]
[EventRounds "4"]
[EventCountry "USA"]
[SourceTitle "EXT 2007"]
[Source "ChessBase"]
[SourceDate "2006.11.23"]
[SourceVersion "1"]
[SourceVersionDate "2006.11.23"]
[SourceQuality "1"]

1. e4 c5 2. Nf3 Nc6 3. Bb5 g6 4. c3 Bg7 5. d4 cxd4 6. cxd4 Qa5+ 7. Nc3 Nf6 8. Qa4 Qxa4 9. Bxa4 0-0 10. e5 Ne8 11. 0-0 f6 12. exf6 Bxf6 13. Nd5 e6 14. Nxf6+ Nxf6 15. Bh6 Re8 16. Rfe1 a6 17. Bg5 Rf8 18. Ne5 b5 19. Nxc6 bxa4 20. Ne5 Nd5 21. Bh6 Re8 22. Rac1 Rb8 23. Re2 a5 24. a3 Ba6 25. Rec2 Bb5 26. g3 d6 27. Nc4 Bxc4 28. Rxc4 Rxb2 29. Rxa4 Ra8 30. Rac4 Rab8 31. Rc8+ Kf7 32. R1c6 R2b6 33. Rc1 1-0

[Event "New England op 63rd"]
[Site "Windsor Locks"]
[Date "2003.08.31"]
[Round "3"]
[White "Curdo, John"]
[Black "Castaneda, Nelson"]
[Result "0-1"]
[WhiteElo "2211"]
[BlackElo "2300"]
[PlyCount "66"]
[EventDate "2003.??.??"]
[EventType "swiss"]
[EventRounds "6"]
[EventCountry "USA"]
[SourceTitle "EXT 2005"]
[Source "ChessBase"]
[SourceDate "2004.11.15"]
[SourceVersion "1"]
[SourceVersionDate "2004.11.15"]
[SourceQuality "1"]

1. e4 e5 2. Nf3 Nc6 3. Nc3 Nf6 4. Bb5 d6 5. d4 Bd7 6. 0-0 exd4 7. Nxd4 Be7 8. Nb3 0-0 9. f4 Re8 10. Be2 Bf8 11. Bf3 a5 12. a4 Qc8 13. h3 Nb4 14. Re1 c5 15. Be3 Bc6 16. Bf2 b6 17. Nd5 Bxd5 18. exd5 Qf5 19. c3 Nc2 20. Rxe8 Rxe8 21. Rc1 Ne3 22. Qd2 Nc4 23. Qc2 Qxf4 24. Rd1 g6 25. Nc1 Ne5 26. Be2 Bh6 27. Bb5 Re7 28. Nd3 Qe4 29. Bg3 Be3+ 30. Kh2 Nh5 31. Bxe5 Rxe5 32. Re1 Qh4 33. Re2 c4 0-1

[Event "New Hampshire op 53rd"]
[Site "Merrimack"]
[Date "2003.07.26"]
[Round "1"]
[White "Curdo, John"]
[Black "Spector, Jason Stuart"]
[Result "1/2-1/2"]
[WhiteElo "2206"]
[BlackElo "1926"]
[PlyCount "69"]
[EventDate "2003.??.??"]
[EventType "swiss"]
[EventRounds "5"]
[EventCountry "USA"]
[SourceTitle "EXT 2005"]
[Source "ChessBase"]
[SourceDate "2004.11.15"]
[SourceVersion "1"]
[SourceVersionDate "2004.11.15"]
[SourceQuality "1"]

1. e4 e5 2. Nf3 Nc6 3. Nc3 Nf6 4. Bb5 Bc5 5. 0-0 0-0 6. Nxe5 Nxe5 7. d4 Bd6 8. f4 Nc6 9. e5 Be7 10. d5 Nb4 11. exf6 Bxf6 12. a3 Bxc3 13. bxc3 Nxd5 14. Qxd5 c6 15. Qd4 cxb5 16. a4 bxa4 17. Ba3 Re8 18. Bd6 b5 19. c4 Bb7 20. cxb5 Re2 21. Rf2 Rxf2 22. Qxf2 Qb6 23. Qxb6 axb6 24. c4 Be4 25. Ra3 Bc2 26. Kf2 Bb3 27. c5 bxc5 28. b6 Bd5 29. Bxc5 Bc6 30. Bd6 f6 31. Rc3 Bd5 32. Rc5 Be4 33. Rc4 Bd5 34. Rc5 Be4 35. Rc4 1/2-1/2

[Event "Queen City op 27th"]
[Site "Manchester"]
[Date "2003.02.22"]
[Round "1"]
[White "Nugent, Arthur"]
[Black "Curdo, John"]
[Result "0-1"]
[WhiteElo "1921"]
[BlackElo "2253"]
[PlyCount "44"]
[EventDate "2003.??.??"]
[EventType "swiss"]
[EventRounds "4"]
[EventCountry "USA"]
[SourceTitle "EXT 2005"]
[Source "ChessBase"]
[SourceDate "2004.11.15"]
[SourceVersion "1"]
[SourceVersionDate "2004.11.15"]
[SourceQuality "1"]

1. e4 Nc6 2. Nf3 e5 3. Bb5 a6 4. Ba4 d6 5. Bxc6+ bxc6 6. d4 exd4 7. Nxd4 Ne7 8. 0-0 c5 9. Nf3 Ng6 10. Nc3 Be7 11. Re1 Bb7 12. Nd5 0-0 13. Be3 f5 14. exf5 Rxf5 15. Nxe7+ Qxe7 16. Qd3 Qf6 17. Qb3+ Bd5 18. Qd3 Bxf3 19. gxf3 Nh4 20. Kh1 Nxf3 21. Red1 Qh4 22. Bf4 Qxf4 0-1

[Event "Bermuda op"]
[Site "Southampton"]
[Date "2003.02.09"]
[Round "5"]
[White "Curdo, John"]
[Black "Berg, Emanuel"]
[Result "0-1"]
[WhiteElo "2254"]
[BlackElo "2527"]
[PlyCount "50"]
[EventDate "2003.02.??"]
[EventType "swiss"]
[EventRounds "5"]
[EventCountry "BER"]
[SourceTitle "EXT 2004"]
[Source "ChessBase"]
[SourceDate "2003.11.25"]
[SourceVersion "1"]
[SourceVersionDate "2003.11.25"]
[SourceQuality "1"]

1. e4 e6 2. d4 d5 3. Nc3 Bb4 4. e5 c5 5. Qg4 Ne7 6. Nf3 Nbc6 7. Bd2 cxd4 8. Nxd4 Nxd4 9. Qxd4 Nc6 10. Qg4 0-0 11. a3 Bxc3 12. Bxc3 Qb6 13. Bd3 Qc5 14. Qh3 h6 15. f4 b5 16. g4 b4 17. Bd2 f6 18. exf6 Rxf6 19. g5 e5 20. Qh4 Nd4 21. Rf1 Re6 22. gxh6 e4 23. f5 exd3+ 24. fxe6 Nxc2+ 25. Kd1 Ne3+ 0-1

[Event "MetroWest CC Short Month op"]
[Site "Natick"]
[Date "2003.??.??"]
[Round "1"]
[White "Curdo, John"]
[Black "Harvey, Robert"]
[Result "1-0"]
[WhiteElo "2250"]
[BlackElo "1865"]
[PlyCount "77"]
[EventDate "2003.??.??"]
[EventType "swiss"]
[EventRounds "3"]
[EventCountry "USA"]
[SourceTitle "EXT 2007"]
[Source "ChessBase"]
[SourceDate "2006.11.23"]
[SourceVersion "1"]
[SourceVersionDate "2006.11.23"]
[SourceQuality "1"]

1. e4 c5 2. Nf3 e6 3. d4 cxd4 4. Nxd4 Qb6 5. Nb3 Qc7 6. Nc3 a6 7. g3 Nf6 8. Bg2 Be7 9. 0-0 0-0 10. a4 d6 11. a5 Nbd7 12. Be3 Nc5 13. Nxc5 dxc5 14. f4 Rd8 15. Qe2 b5 16. axb6 Qxb6 17. e5 Nd5 18. Nxd5 exd5 19. c4 Bb7 20. cxd5 Bxd5 21. Bxd5 Rxd5 22. Qc4 Rdd8 23. b3 Qb5 24. Ra4 Qxc4 25. bxc4 Rd3 26. Kf2 Rb3 27. Rfa1 Rb4 28. Rxa6 Rxa6 29. Rxa6 Rxc4 30. Ra8+ Bf8 31. Ke2 Rc3 32. Kd2 Rxe3 33. Kxe3 g6 34. Ke4 Kg7 35. Kd5 h6 36. g4 Kg8 37. f5 gxf5 38. gxf5 f6 39. e6 1-0

[Event "MetroWest CC Summer op"]
[Site "Natick"]
[Date "2003.??.??"]
[Round "2"]
[White "Pratt, Larry"]
[Black "Curdo, John"]
[Result "0-1"]
[WhiteElo "1825"]
[BlackElo "2205"]
[PlyCount "56"]
[EventDate "2003.??.??"]
[EventType "swiss"]
[EventRounds "4"]
[EventCountry "USA"]
[SourceTitle "EXT 2007"]
[Source "ChessBase"]
[SourceDate "2006.11.23"]
[SourceVersion "1"]
[SourceVersionDate "2006.11.23"]
[SourceQuality "1"]

1. e4 Nc6 2. d4 e5 3. dxe5 Nxe5 4. Nf3 Qf6 5. Nc3 Bb4 6. Bd2 Ne7 7. Nb5 Bxd2+ 8. Nxd2 Qb6 9. Nc4 Nxc4 10. Bxc4 0-0 11. Qd2 a6 12. Nc3 Qxb2 13. Rb1 Qa3 14. Rb3 Qc5 15. Nd5 Nxd5 16. Bxd5 Qe7 17. 0-0 c6 18. Bc4 b5 19. Bd3 d6 20. e5 dxe5 21. Be4 Be6 22. Rg3 Rac8 23. Qh6 g6 24. h4 f5 25. h5 Qg7 26. Qxg7+ Kxg7 27. Bf3 g5 28. Rxg5+ Kf6 0-1